TRABAJO FEMENINO Y CRISIS EN MEXICO. TRANSFORMACIONES Y TENDENCIAS ACTUALES/

INCLUYE BIBLIOGRAFIA

Gespeichert in:
Bibliographische Detailangaben
Weitere Verfasser: Ramírez Bautista, Elia (compilación) (compilación)
Format: Buch
Schlagworte:
Tags: Tag hinzufügen
Keine Tags, Fügen Sie das erste Tag hinzu!

MARC

LEADER 00000nam^a2200000^a^4500
001 000224242
005 20250521000000.0
009 20260310104044.65
020 |a 968-840-801-8 
035 |a 043157 
037 |a Acervo Xavier Clavigero 
082 |a 331. 40972 TRA 
245 1 0 |a TRABAJO FEMENINO Y CRISIS EN MEXICO. TRANSFORMACIONES Y TENDENCIAS ACTUALES/  |c COMP. ELIA RAMIREZ BAUTISTA 
264 |a México :  |b Universidad Autónoma Metropolitana Xochimilco,  |c 1990 
300 |a 322p. :  |b tbs. 
336 |a texto  |b txt  |2 rdacontenido 
337 |a sin mediación  |b n  |2 rdamedio 
338 |a volumen  |b nc  |2 rdasoporte 
520 |a INCLUYE BIBLIOGRAFIA 
649 |a XX 
650 |a MUJERES -  |x EMPLEO -  |x HISPANOAMERICA 
700 |a Ramírez Bautista, Elia  |e (compilación) 
910 |a Fondo General 
920 |a Impresos - Libros 
930 |a Colección General 
905 |a 101 
901 |a 043157  |b IT1  |c ACC  |i 043157  |u 20250521 
902 |a https://opac.biblio.iteso.mx/vufind/Record/000224242